[Event "Reykjavik op"]
[Site "Reykjavik"]
[Date "2023.03.29"]
[Round "1"]
[White "Sidhant, Mohapatra"]
[Black "Deatrick, Alexander"]
[Result "1-0"]
[WhiteElo "2376"]
[BlackElo "2081"]
[PlyCount "83"]
[EventDate "2023.03.29"]
[EventType "swiss"]
[EventRounds "9"]
[EventCountry "ISL"]
[SourceTitle "CBM 213 Extra"]
[Source "ChessBase"]
[SourceDate "2023.05.31"]
[SourceVersion "1"]
[SourceVersionDate "2023.05.31"]
[SourceQuality "1"]

1. Nf3 g6 2. e4 c5 3. d4 cxd4 4. Qxd4 Nf6 5. Nc3 Nc6 6. Qa4 d6 7. e5 dxe5 8. Nxe5 Bg7 9. Bb5 0-0 10. Nxc6 bxc6 11. Bxc6 Rb8 12. 0-0 Qc7 13. Bf3 Bd7 14. Qh4 Bf5 15. Bf4 e5 16. Bg5 Rxb2 17. Nd1 Rb6 18. Ne3 Bc8 19. c4 Bb7 20. Bxb7 Qxb7 21. Rac1 Re6 22. Rfd1 Ne4 23. Nd5 Nxg5 24. Qxg5 h6 25. Qe3 Kh7 26. Qb3 Qc6 27. Qb5 e4 28. Nb4 Qc7 29. Qd7 Qc5 30. Qb5 Qc7 31. Nd5 Qc6 32. a4 Rc8 33. Nb4 Qc7 34. c5 Qf4 35. Nd5 Qg5 36. c6 Re5 37. c7 e3 38. f4 Qh4 39. g3 Qg4 40. fxe5 e2 41. Rd2 Bxe5 42. Qxe2 1-0

[Event "Foxwoods op 14th"]
[Site "Ledyard"]
[Date "2022.04.17"]
[Round "8"]
[White "Deatrick, Alexander"]
[Black "Adury, Anant"]
[Result "0-1"]
[WhiteElo "2066"]
[BlackElo "1979"]
[PlyCount "78"]
[EventDate "2022.04.13"]
[EventType "swiss"]
[EventRounds "9"]
[EventCountry "USA"]
[SourceTitle "CBM 207 Extra"]
[Source "ChessBase"]
[SourceDate "2022.05.31"]
[SourceVersion "1"]
[SourceVersionDate "2022.05.31"]
[SourceQuality "1"]

1. c4 Nf6 2. Nc3 g6 3. e4 d6 4. d4 Bg7 5. h3 0-0 6. Be3 Na6 7. g4 e5 8. d5 Nc5 9. f3 a5 10. Qd2 Ne8 11. h4 f5 12. g5 c6 13. dxc6 Ne6 14. c5 bxc6 15. Bc4 f4 16. Bf2 Kh8 17. 0-0-0 Nd4 18. h5 gxh5 19. Rxh5 Qe7 20. Bh4 Be6 21. g6 Qd7 22. Bxe6 Qxe6 23. Rxh7+ Kg8 24. Qg2 Nf6 25. Bxf6 Rxf6 26. Qh2 Rxg6 27. cxd6 Rd8 28. Kb1 Rxd6 29. Rc1 Qc4 30. Rh3 Qd3+ 31. Ka1 Nc2+ 32. Kb1 Ne3+ 33. Ka1 Rg2 34. Qh1 Nc2+ 35. Kb1 Nd4+ 36. Ka1 Qd2 37. Nge2 Nxe2 38. Rd1 Qxd1+ 39. Nxd1 Rg1 0-1

[Event "CAN-ch U16"]
[Site "Ottawa"]
[Date "2013.07.12"]
[Round "6"]
[White "Deatrick, Alexander"]
[Black "Li, Robert"]
[Result "1-0"]
[WhiteElo "2122"]
[BlackElo "1790"]
[PlyCount "59"]
[EventDate "2013.07.10"]
[EventType "swiss"]
[EventRounds "6"]
[EventCountry "CAN"]
[SourceTitle "EXT 2022"]
[Source "ChessBase"]
[SourceDate "2021.10.06"]
[SourceVersion "1"]
[SourceVersionDate "2021.10.06"]
[SourceQuality "1"]

1. Nf3 Nf6 2. c4 g6 3. g3 Bg7 4. Bg2 0-0 5. Nc3 d6 6. 0-0 e5 7. d3 Nc6 8. Bg5 h6 9. Bxf6 Bxf6 10. Nd2 Be6 11. Rb1 a5 12. a3 Rb8 13. b4 axb4 14. axb4 Ne7 15. b5 Bg7 16. Qa4 Qd7 17. Rfc1 Bh3 18. Bh1 c6 19. Qb3 Qc7 20. Rc2 Kh8 21. Ra2 f5 22. Rba1 f4 23. Ra7 fxg3 24. hxg3 Qb6 25. Bf3 cxb5 26. Qxb5 Qd4 27. Nde4 Nf5 28. Kh2 Bf1 29. R7a3 Bxe2 30. Nxe2 1-0

[Event "CAN-ch U16"]
[Site "Ottawa"]
[Date "2013.07.11"]
[Round "4"]
[White "Kalra, Agastya"]
[Black "Deatrick, Alexander"]
[Result "1-0"]
[WhiteElo "2130"]
[BlackElo "2122"]
[PlyCount "153"]
[EventDate "2013.07.10"]
[EventType "swiss"]
[EventRounds "6"]
[EventCountry "CAN"]
[SourceTitle "EXT 2022"]
[Source "ChessBase"]
[SourceDate "2021.10.06"]
[SourceVersion "1"]
[SourceVersionDate "2021.10.06"]
[SourceQuality "1"]

1. e4 d6 2. d4 Nf6 3. Nc3 c6 4. Be3 Qb6 5. Rb1 Ng4 6. Nf3 e5 7. Bg5 Nd7 8. h3 Ngf6 9. d5 Be7 10. Be3 Qc7 11. Be2 0-0 12. 0-0 Rd8 13. b4 Nf8 14. b5 cxd5 15. Nxd5 Nxd5 16. exd5 b6 17. Ne1 Nd7 18. Nd3 a5 19. bxa6 Bxa6 20. Nb4 Bb7 21. Bb5 Nc5 22. Bc6 Rf8 23. Bxc5 bxc5 24. Bxb7 Qxb7 25. Nc6 Qc7 26. Rb2 Bf6 27. Qb1 e4 28. Rb7 Qc8 29. Qb3 Qf5 30. a4 h5 31. a5 h4 32. c4 Qf4 33. Qe3 Qxe3 34. fxe3 Bc3 35. Rb5 Bd2 36. Kf2 f5 37. Ke2 Bc3 38. Rxf5 Rxf5 39. Ne7+ Kh7 40. Nxf5 Ra6 41. Kf2 g6 42. Nxh4 Bxa5 43. Rb7+ Kh6 44. Re7 Bc3 45. Rxe4 Ra2+ 46. Kf3 Be1 47. Rg4 Rf2+ 48. Ke4 Rc2 49. Nxg6 Rxc4+ 50. Kf5 Rxg4 51. hxg4 c4 52. g5+ Kg7 53. Nf4 c3 54. Ne6+ Kf7 55. Kf4 Kg8 56. Nd4 Bf2 57. Ke4 Kg7 58. Kd3 Kg6 59. Ne6 Be1 60. e4 Bd2 61. Kc2 Be1 62. e5 dxe5 63. d6 Bf2 64. d7 Bb6 65. Kxc3 e4 66. Kd2 Kf5 67. d8Q Bxd8 68. Nxd8 Kxg5 69. Ke2 Kg4 70. Ne6 Kg3 71. Kf1 e3 72. Nd4 Kg4 73. Ne2 Kh4 74. Ke1 Kg5 75. Kd1 Kf5 76. Kc2 Ke4 77. Kc3 1-0

[Event "CAN-ch U16"]
[Site "Ottawa"]
[Date "2013.07.10"]
[Round "2"]
[White "Muntaner, Daniel"]
[Black "Deatrick, Alexander"]
[Result "0-1"]
[WhiteElo "1310"]
[BlackElo "2122"]
[PlyCount "68"]
[EventDate "2013.07.10"]
[EventType "swiss"]
[EventRounds "6"]
[EventCountry "CAN"]
[SourceTitle "EXT 2022"]
[Source "ChessBase"]
[SourceDate "2021.10.06"]
[SourceVersion "1"]
[SourceVersionDate "2021.10.06"]
[SourceQuality "1"]

1. e4 c5 2. Nf3 d6 3. d4 cxd4 4. Nxd4 Nf6 5. Nc3 g6 6. f3 Bg7 7. Be3 Nc6 8. Qd2 0-0 9. Bc4 Bd7 10. Bb3 Qa5 11. 0-0-0 Rfc8 12. g4 Ne5 13. h4 Nc4 14. Bxc4 Rxc4 15. Nb3 Qa6 16. h5 Rac8 17. hxg6 hxg6 18. Bd4 e5 19. Be3 Bxg4 20. Rhf1 Bxf3 21. Rxf3 Rxc3 22. Qxc3 Rxc3 23. bxc3 Nxe4 24. Kb2 Nxc3 25. Rdf1 Nb5 26. Kc1 f5 27. Bd2 e4 28. Rg3 Nd4 29. Re1 Ne2+ 30. Rxe2 Qxe2 31. Rg1 e3 32. Bb4 f4 33. Re1 Qg2 34. Bxd6 Bc3 0-1

[Event "Michigan op-ch"]
[Site "Cadillac"]
[Date "2011.09.04"]
[Round "4"]
[White "Croel, Duane T"]
[Black "Deatrick, Alexander"]
[Result "0-1"]
[WhiteElo "1898"]
[BlackElo "2049"]
[PlyCount "84"]
[EventDate "2011.09.02"]
[EventType "swiss"]
[EventRounds "7"]
[EventCountry "USA"]
[SourceTitle "EXT 2015"]
[Source "ChessBase"]
[SourceDate "2014.11.20"]
[SourceVersion "1"]
[SourceVersionDate "2014.11.20"]
[SourceQuality "1"]

1. e4 c5 2. Nf3 d6 3. d4 cxd4 4. Nxd4 Nf6 5. Nc3 g6 6. Be3 Bg7 7. f3 Nc6 8. Qd2 0-0 9. Bc4 Bd7 10. 0-0-0 Qa5 11. Kb1 Rfc8 12. Bb3 Ne5 13. Bg5 Nc4 14. Bxc4 Rxc4 15. Bxf6 Bxf6 16. Nd5 Qxd2 17. Nxf6+ Kg7 18. Nh5+ gxh5 19. Rxd2 Rac8 20. c3 b5 21. Ne2 R4c5 22. h4 f5 23. Ng3 fxe4 24. Nxe4 Bf5 25. Rhd1 Re5 26. Rd5 Rc5 27. Rxc5 Rxc5 28. Kc1 Bxe4 29. fxe4 b4 30. Kc2 bxc3 31. b3 Kf6 32. Rd4 Ke5 33. Ra4 Rc7 34. Ra5+ Kxe4 35. Rxh5 e5 36. Rh6 d5 37. Rd6 d4 38. g4 Ke3 39. g5 e4 40. Re6 d3+ 41. Kc1 d2+ 42. Kc2 Rd7 0-1

[Event "Michigan op-ch"]
[Site "Cadillac"]
[Date "2011.09.02"]
[Round "1"]
[White "Deatrick, Alexander"]
[Black "Homa, Seth"]
[Result "0-1"]
[WhiteElo "2049"]
[BlackElo "2339"]
[PlyCount "80"]
[EventDate "2011.09.02"]
[EventType "swiss"]
[EventRounds "7"]
[EventCountry "USA"]
[SourceTitle "EXT 2015"]
[Source "ChessBase"]
[SourceDate "2014.11.20"]
[SourceVersion "1"]
[SourceVersionDate "2014.11.20"]
[SourceQuality "1"]

1. d4 Nf6 2. c4 g6 3. Nc3 Bg7 4. e4 d6 5. f4 0-0 6. Nf3 c5 7. d5 e6 8. Be2 exd5 9. cxd5 Bg4 10. 0-0 Nbd7 11. h3 Bxf3 12. Bxf3 Re8 13. Re1 Qa5 14. a4 c4 15. Be3 Nc5 16. Bxc5 Qxc5+ 17. Kh1 Nd7 18. Qc2 Qb4 19. Be2 a6 20. a5 Nc5 21. Bf1 Rac8 22. Red1 Qb3 23. Qxb3 Nxb3 24. Ra3 Bxc3 25. bxc3 Rxe4 26. Bxc4 Nc5 27. Rd4 Re1+ 28. Kh2 f5 29. Bd3 Rce8 30. Ra2 R8e3 31. Bc2 Rxc3 32. Rb4 Kf8 33. Rab2 Re2 34. Bb1 Rxb2 35. Rxb2 Rb3 36. Rxb3 Nxb3 37. g4 fxg4 38. hxg4 Nxa5 39. f5 Kg7 40. g5 gxf5 0-1